000 00724nam a2200193 a 4500
008 200710s2007 ||||||||||||||||| || u
020 _a9780521862851
050 _aK 123 Lub
100 _aLuban, David
245 1 0 _aLegal ethics and human dignity
_cBy David Luban
260 _aCambridge
_bCambridge University Press
_c2007
300 _axii, 337 pages : illustrations
490 _aCanbridge studies in philosophy and law
650 _aDIGNITY
650 0 _aHUMAN RIGHTS
650 _aRESPECT FOR PERSONS--LAW AND LEGISLATION
650 _aLEGAL ETHICS
995 _D72.93
_FCBU-MAIN LIBRARY (Kitwe)
_M1
_UAVAILABLE
_WJul 17, 2020
_ZMain Library Open Access Collection
999 _c49081
_d49081